Three Dimensions of Rabindranath Tagore/ (Record no. 206849)

MARC details
000 -LEADER
fixed length control field 00569nam a22001937a 4500
005 - DATE AND TIME OF LATEST TRANSACTION
control field 20241029122842.0
010 ## - LCCN (DPL NO)
LC control number ENG-142528
020 ## - INTERNATIONAL STANDARD BOOK NUMBER
Terms of availability 250.00
035 ## - SYSTEM CONTROL NUMBER
System control number EN-126060
037 ## - SOURCE OF ACQUISITION
Source of stock number/acquisition DBAD/PUB
082 ## - DEWEY DECIMAL CLASSIFICATION NUMBER
Classification number 921
100 ## - MAIN ENTRY--PERSONAL NAME
Personal name Chakarbarti, Sumita
245 ## - TITLE STATEMENT
Title Three Dimensions of Rabindranath Tagore/
Statement of responsibility, etc Sumita Chakarba
250 ## - EDITION STATEMENT
Edition statement First
260 ## - PUBLICATION, DISTRIBUTION, ETC. (IMPRINT)
Place of publication, distribution, etc Kolkata
Name of publisher, distributor, etc Patralekha
Date of publication, distribution, etc 2011
270 ## - ADDRESS
City Kolkata
Address Gunen sil,10B College Row,Kolkatā 9, W.B
Postal code 700032
Telephone number 9831110963
300 ## - PHYSICAL DESCRIPTION
Extent 69p.
Dimensions 22cm(hbk)
942 ## - ADDED ENTRY ELEMENTS (KOHA)
Source of classification or shelving scheme Dewey Decimal Classification
Item type English Books
Classification part 921
Call number suffix CHA
Edition 2011
Holdings
Withdrawn status Lost status Not for loan Collection code Home library Current library Date acquired Source of acquisition Cost, normal purchase price Full call number Barcode Copy number Cost, replacement price Koha item type
      Non-fiction Bawana Bawana 29/10/2024 DABD 130.00 921 CHA EN-126060 1 130.00 English Books

© Delhi Public Library
Hit Counter
free hit counter